| 000 | 00575nam a22001577a 4500 | ||
|---|---|---|---|
| 005 | 20120213133339.0 | ||
| 020 |
_a8120318544 _c295.00 |
||
| 035 | _aB-62858 | ||
| 037 |
_aDPL _bENG |
||
| 100 |
_aUlrich, Laurie Ann _941771 |
||
| 245 |
_aTroubleshooting microsoft excel spreadsheets / _cby Laurie Ann Ulrich |
||
| 260 |
_aNew Delhi _bPrentice-Hall of India _c2001 |
||
| 300 |
_axvi, 343p. _c24 cms. |
||
| 942 |
_2ddc _cEN _h005.43 _mULR |
||
| 999 |
_c62644 _d62644 |
||